Slovenci in 1848. leto. (Record no. 14586)

MARC details
000 -LEADER
fixed length control field 00628cam a22002171 4500
001 - CONTROL NUMBER
control field ca 11002958
003 - CONTROL NUMBER IDENTIFIER
control field DLC
005 - DATE AND TIME OF LATEST TRANSACTION
control field 20260227111057.0
008 - FIXED-LENGTH DATA ELEMENTS--GENERAL INFORMATION
fixed length control field 840328s1888 yu 000 0 slv
010 ## - LIBRARY OF CONGRESS CONTROL NUMBER
LC control number ca 11002958
035 ## - SYSTEM CONTROL NUMBER
System control number (OCoLC)10568451
040 ## - CATALOGING SOURCE
Original cataloging agency DLC
Transcribing agency FTaSU
Modifying agency FTaSU
-- DLC
042 ## - AUTHENTICATION CODE
Authentication code premarc
050 00 - LIBRARY OF CONGRESS CALL NUMBER
Classification number DB83
Item number .A6
100 1# - MAIN ENTRY--PERSONAL NAME
Personal name Apih, Jos,
Dates associated with a name 1853-1911.
245 10 - TITLE STATEMENT
Title Slovenci in 1848. leto.
Statement of responsibility, etc. Spisal Jos. Apih.
260 ## - PUBLICATION, DISTRIBUTION, ETC.
Place of publication, distribution, etc. V Ljubljani,
Name of publisher, distributor, etc. Izdala in založila "Matica slovenska,"
Date of publication, distribution, etc. 1888.
300 ## - PHYSICAL DESCRIPTION
Extent viii, 302, [4] p.
Dimensions 23 cm.
650 #0 - SUBJECT ADDED ENTRY--TOPICAL TERM
Topical term or geographic name entry element Slovenes.
651 #0 - SUBJECT ADDED ENTRY--GEOGRAPHIC NAME
Geographic name Austria
General subdivision History
Chronological subdivision Revolution, 1848-1849.

No items available.

Powered by Koha